| 000 | 01278nam a2200313 4500 | ||
|---|---|---|---|
| 001 | 0000014732 | ||
| 003 | CO-CtgCURN | ||
| 005 | 20250506231811.0 | ||
| 007 | ta | ||
| 008 | 160627s1990 000 0 eng d | ||
| 020 | _a9684222947 | ||
| 040 |
_aCO-CtgCURN _bspa _ccoctgcurn |
||
| 082 | 0 |
_a330.1 _bM35f |
|
| 100 | 1 | _aMendez Morales, José Silvestre. | |
| 245 | 1 | 0 |
_aFundamentos de economia / _cJosé Silvestre Mendez Morales. |
| 250 | _a2a ed. | ||
| 260 |
_aMexico : _bMcGraw-Hill, _c1990. |
||
| 300 | _axiii, 321 p. | ||
| 336 | _2rdacontent | ||
| 337 |
_2rdamedia _asin mediacion _bn |
||
| 338 |
_2rdacarrier _avolumen _bnc |
||
| 504 | _aBibliografia (p. 309-311) | ||
| 505 | 8 | _aLa economia y su relacion con la contaduria y la administracio.--Los sitemas historicos de organizacion economica y las corrientes economicas.--Teoria objetiva del valor.--El mercado, clases de mercad, competencia perfecta e imperfecta.--Teoria de la distribucion: el salario y su determinacion.--Teoria macroeconomica.--El ciclo y las crisis economica | |
| 650 | 1 | 4 | _aTeoria economica. |
| 908 | _a160627 | ||
| 942 |
_cBK _h330.1 _iM35f _2ddc _n0 |
||
| 999 |
_c18208 _d18208 |
||